Państwa, w których stolica nie jest największym miastem - Statystyki

Ogólne statystyki
  • Ten quiz został rozwiązany 31 razy
    11 od ostatniego zresetowania
  • Średni wynik to 25 z 102
Statystyki odpowiedzi
Kontynent Państwo, stolica, największe miasto Liczba ludności % Poprawnych
Australia Australia 26 481 584
75%
Ameryka Północna Kanada 38 834 475
75%
Canberra 367 752
63%
Azja (Wschodnia) Chiny 1 425 590 637
63%
Melbourne / Sydney 4 627 345
63%
Australia Nowa Zelandia 5 234 930
63%
Ameryka Północna Stany Zjednoczone 340 293 728
63%
Berno 121 631
50%
Ameryka Południowa Brazylia 216 621 010
50%
Europa Liechtenstein 39 623
50%
Ottawa 812 129
50%
Pekin 11 716 620
50%
Afryka (Południowa) Republika Południowej Afryki 60 513 312
50%
Europa San Marino 33 660 | 4 061
50%
Szanghaj 22 315 474
50%
Europa Szwajcaria 8 805 618
50%
Toronto 2 600 000
50%
Vaduz 5 109
50%
Zurych 341 730
50%
Antwerpia 536 079
38%
Auckland 417 910
38%
Europa Belgia 11 697 557
38%
Brasília 2 207 718
38%
Bruksela 188 737
38%
Casablanca 3 144 909
38%
Kapsztad / Johannesburg 3 433 441
38%
Afryka (Północna) Maroko 37 900 641
38%
Nowy Jork 8 175 133
38%
Pretoria 1 619 438
38%
Rabat 1 655 753
38%
São Paulo 10 021 295
38%
Waszyngton 601 723
38%
Wellington 381 900
38%
Azja (Południowo-Wschodnia) Wietnam 98 858 950
38%
Abudża 590 400
25%
Bandżul 34 589
25%
Ameryka Południowa Boliwia 12 417 683
25%
Dodoma 180 541
25%
Dubaj 1 137 347
25%
Azja (Południowo-Wschodnia) Filipiny 117 625 375
25%
Afryka (Zachodnia) Gambia 2 784 297
25%
Hanoi 1 431 270
25%
Islamabad 601 600
25%
Azja (Zachodnia) * Izrael 9 196 850
25%
Jerozolima 363 095
25%
Karaczi 11 624 219
25%
Lagos 9 000 000
25%
Manila 1 600 000
25%
Afryka (Zachodnia) Nigeria 224 672 045
25%
Azja (Południowa) Pakistan 241 253 444
25%
Schaan 6 039
25%
Afryka (Wschodnia) Tanzania 67 758 726
25%
Azja (Zachodnia) Turcja 85 888 830
25%
Azja (Zachodnia) Zjednoczone Emiraty Arabskie 9 529 117
25%
Abu Zabi 603 492
13%
Ankara 3 517 182
13%
Astana 1 291 280
13%
Ameryka Północna Belize 411 775
13%
Belize City 61 461
13%
Belmopan 13 381
13%
Afryka (Zachodnia) Benin 13 772 322
13%
Afryka (Wschodnia) Burundi 13 295 765
13%
Dar es Salaam 2 698 652
13%
Gitega 23 167
13%
Afryka (Środkowa) Gwinea Równikowa 1 721 212
13%
Jamusukro 194 530
13%
Jaunde 1 299 369
13%
Afryka (Środkowa) Kamerun 28 768 371
13%
Azja (Środkowa) Kazachstan 19 642 760
13%
Malabo 173 046
13%
Azja (Południowo-Wschodnia) Mjanma 54 641 171
13%
Australia Palau 18 057
13%
Porto-Novo 234 168
13%
Quezon City 2 761 720
13%
Azja (Południowa) Sri Lanka 21 902 694
13%
Stambuł 14 804 116
13%
Sucre 224 838
13%
Tel Awiw 467 875
13%
Afryka (Zachodnia) Wybrzeże Kości Słoniowej 28 991 426
13%
Abidżan 3 677 115
0%
Ałmaty 2 000 900
0%
Bata 173 046
0%
Bużumbura 331 700
0%
Chaguanas 67 433
0%
Doula 1 338 082
0%
Ho Chi Minh 3 467 331
0%
Kolombo 648 034
0%
Koror 11 200
0%
Kotonu 780 000
0%
Australia Mikronezja 545 175
0%
Naypyidaw 925 000
0%
Ngerulmud 271
0%
Palikir 5 000
0%
Port-of-Spain 49 031
0%
Rangun 4 477 638
0%
Santa Cruz 1 364 389
0%
Serravalle 10 878
0%
Serrekunda 340 000
0%
Sri Dźajawardanapura Kotte 115 826
0%
Ameryka Północna Trynidad i Tobago 1 535 471
0%
Weno 13 000
0%
Nie znaleziono quizów pasujących do podanych kryteriów
Rozkład punktacji
Procent ludzi z każdym wynikiem
Percentyl według liczby udzielonych odpowiedzi
Twoja historia wyników
Nie rozwiązałeś tego quizu od ostatniego zresetowania